00212pam a2200085 a 4500020000500000041000500005245006500010260004100075300001000116 c h aCube Collections Signs Symbols Pictogram hTextual Documents a[s.l]:bPage One Publishing ,c2010. bHard;